5HLuxD.jpg

KING HENRY VIII SENIOR AND PRIMARY SCHOOL LIBRARY OPAC

Real-time marketing & PR : (Record no. 4204)

000 -LEADER
fixed length control field 01626cam a2200313 a 4500
001 - CONTROL NUMBER
control field 16732493
003 - CONTROL NUMBER IDENTIFIER
control field OSt
005 - DATE AND TIME OF LATEST TRANSACTION
control field 20250124135104.0
008 - FIXED-LENGTH DATA ELEMENTS--GENERAL INFORMATION
fixed length control field 110412s2011 njua b 001 0 eng d
010 ## - LIBRARY OF CONGRESS CONTROL NUMBER
LC control number 2011286244
015 ## - NATIONAL BIBLIOGRAPHY NUMBER
National bibliography number GBB089434
Source bnb
016 7# - NATIONAL BIBLIOGRAPHIC AGENCY CONTROL NUMBER
Record control number 015611171
Source Uk
020 ## - INTERNATIONAL STANDARD BOOK NUMBER
International Standard Book Number 9780470645956 (hbk.)
020 ## - INTERNATIONAL STANDARD BOOK NUMBER
International Standard Book Number 0470645954 (hbk.)
035 ## - SYSTEM CONTROL NUMBER
System control number (OCoLC)ocn651073662
040 ## - CATALOGING SOURCE
Original cataloging agency UKM
Transcribing agency UKM
Modifying agency C#P
-- YDXCP
-- YBM
-- BWX
-- VP@
-- CDX
-- DLC
-- KH8
042 ## - AUTHENTICATION CODE
Authentication code lccopycat
082 04 - DEWEY DECIMAL CLASSIFICATION NUMBER
Classification number 658.872 SCO
Edition number 22
100 1# - MAIN ENTRY--PERSONAL NAME
Personal name Scott, David Meerman,
Relator term author.
245 10 - TITLE STATEMENT
Title Real-time marketing & PR :
Remainder of title how to instantly engage your market, connect with customers, and create products that grow your business now /
Statement of responsibility, etc. David Meerman Scott.
246 3# - VARYING FORM OF TITLE
Title proper/short title Real-time marketing and PR
260 ## - PUBLICATION, DISTRIBUTION, ETC.
Place of publication, distribution, etc. Hoboken, N.J. :
Name of publisher, distributor, etc. Wiley,
Date of publication, distribution, etc. c2011.
300 ## - PHYSICAL DESCRIPTION
Extent xi, 244 p. :
Other physical details ill. ;
Dimensions 24 cm.
504 ## - BIBLIOGRAPHY, ETC. NOTE
Bibliography, etc. note Includes bibliographical references and index.
505 0# - FORMATTED CONTENTS NOTE
Formatted contents note 1: Revolution time -- Grow your business now -- Speed versus sloth: dispatches from the front -- Laying down some real-time law -- Real-time attitude -- Too big to succeed? -- Engage the media at their convenience -- Crisis communications and the media -- What are people saying about you this instant? -- 2: Connect with your market -- Real-time customer connection -- Going mobile, real time is all the time -- They want it immediately -- 3: Grow your business now -- Let them communicate ... now -- How your Web site become a real-time machine -- Make the sale -- Business at the speed of now.
650 #0 - SUBJECT ADDED ENTRY--TOPICAL TERM
Topical term or geographic name entry element Internet marketing.
650 #0 - SUBJECT ADDED ENTRY--TOPICAL TERM
Topical term or geographic name entry element Public relations.
942 ## - ADDED ENTRY ELEMENTS (KOHA)
Source of classification or shelving scheme
Koha item type Books - Non Ficton
Holdings
Withdrawn status Lost status Source of classification or shelving scheme Damaged status Not for loan Collection code Permanent Location Current Location Shelving location Date acquired Full call number Barcode Date last seen Price effective from Koha item type
          Non-Fiction KH8 Senior School Library KH8 Senior School Library Non Fiction 2025-01-24 658.872 SCO 3KHSL000102148 2025-01-24 2025-01-24 Books - Non Ficton

Powered By KH8 IT Dept